Lista mundial de revistas especializadas en ciencias sociales 1980
Gardado en:
| Autor Corporativo: | |
|---|---|
| Formato: | Texto |
| Publicado: |
Paris:
UNESCO
|
| Edición: | 4 |
| Etiquetas: |
Engadir etiqueta
Sen Etiquetas, Sexa o primeiro en etiquetar este rexistro!
|
MARC
| LEADER | 00000 a a2200000 04500 | ||
|---|---|---|---|
| 001 | 22202 | ||
| 003 | |||
| 040 | |||
| 020 | |a 92-3-001789-2 | ||
| 090 | |a 161400 | ||
| 110 | |a UNESCO. Centro de Documentación de Ciencias Sociales | ||
| 245 | |a Lista mundial de revistas especializadas en ciencias sociales 1980 | ||
| 250 | |a 4 | ||
| 260 | |a Paris: |b UNESCO | ||
| 300 | |a 445 p | ||
| 999 | |c 12040 |d 12040 | ||



